[Event "Titled Tue 26th Aug Early"]
[Site "chess.com INT"]
[Date "2025.08.26"]
[Round "9"]
[White "Carrasco Miranda, Andres"]
[Black "Li, Yilin"]
[Result "1-0"]
[WhiteTitle "CM"]
[BlackTitle "WFM"]
[WhiteElo "2226"]
[BlackElo "1921"]
[WhiteFideId "3405990"]
[BlackFideId "8610410"]
[EventDate "2025.08.26"]

1. d4 d5 2. c4 e6 3. g3 c6 4. Bg2 Nf6 5. Nf3 Bd6 6. O-O O-O 7. Nfd2 Re8 8. Nc3
Nbd7 9. e4 dxe4 10. Ndxe4 Nxe4 11. Nxe4 Bf8 12. Bg5 Be7 13. Bxe7 Qxe7 14. Re1
Nf6 15. Nc3 Qb4 16. Qb3 a5 17. Rad1 Qf8 18. c5 Nd7 19. Ne4 e5 20. Nd6 Re7 21.
Nxc8 Qxc8 22. Bh3 Nxc5 23. Bxc8 Nxb3 24. Rxe5 Rxe5 25. dxe5 Nc5 26. Rd8# 1-0

[Event "Titled Tue 26th Aug Early"]
[Site "chess.com INT"]
[Date "2025.08.26"]
[Round "9"]
[White "Sobek, Jaroslav"]
[Black "Amarasinghe, A A C B"]
[Result "0-1"]
[WhiteTitle "FM"]
[BlackTitle "CM"]
[WhiteElo "2195"]
[BlackElo "1963"]
[WhiteFideId "301388"]
[BlackFideId "9901809"]
[EventDate "2025.08.26"]

1. d4 Nf6 2. c4 e6 3. Bf4 c5 4. d5 exd5 5. cxd5 d6 6. Nc3 a6 7. a4 g6 8. Nf3 Bg7
9. h3 O-O 10. e3 Qc7 11. Be2 Re8 12. O-O Ne4 13. Qb3 Nd7 14. Rfd1 Ndf6 15. Nd2
Nxd2 16. Rxd2 Ne4 17. a5 Nxd2 0-1

[Event "Titled Tue 26th Aug Early"]
[Site "chess.com INT"]
[Date "2025.08.26"]
[Round "9"]
[White "Brozynski, Patryk"]
[Black "Iskusnyh, Sergei"]
[Result "0-1"]
[WhiteTitle "CM"]
[BlackTitle "GM"]
[WhiteElo "2121"]
[BlackElo "2440"]
[WhiteFideId "2512700"]
[BlackFideId "4120027"]
[EventDate "2025.08.26"]

1. e4 e6 2. Nf3 d5 3. Nc3 Nf6 4. e5 Nfd7 5. d4 c5 6. dxc5 Nc6 7. Bf4 Nxc5 8. Bd3
Be7 9. O-O g5 10. Bg3 h5 11. h3 g4 12. hxg4 hxg4 13. Nh2 Qb6 14. Nxg4 Bd7 15.
Nf6+ Bxf6 16. exf6 Nxd3 17. Qxd3 Qd4 18. Nb5 Qxd3 19. cxd3 Kf8 20. Bd6+ Kg8 21.
Rfe1 Rh6 22. Be5 Nxe5 23. Rxe5 Bxb5 24. g4 Rxf6 25. g5 Rf4 0-1

[Event "Titled Tue 26th Aug Early"]
[Site "chess.com INT"]
[Date "2025.08.26"]
[Round "9"]
[White "Popov, Tikhon"]
[Black "Grieve, Harry"]
[Result "1-0"]
[WhiteTitle "FM"]
[BlackTitle "IM"]
[WhiteElo "2335"]
[BlackElo "2479"]
[WhiteFideId "24252026"]
[BlackFideId "426520"]
[EventDate "2025.08.26"]

1. e4 c5 2. Nf3 Nf6 3. e5 Nd5 4. Nc3 e6 5. Nxd5 exd5 6. d4 Nc6 7. dxc5 Bxc5 8.
Qxd5 Qb6 9. Bc4 Bxf2+ 10. Ke2 O-O 11. Rf1 Bc5 12. Ng5 Nd4+ 13. Kd1 d6 14. Rxf7
Bg4+ 15. Rf3+ Ne6 16. Nxe6 Rxf3 17. gxf3 Bh5 18. Nd8+ Kf8 19. Bg5 Ke8 20. Qe6+ 1-0

[Event "Titled Tue 26th Aug Early"]
[Site "chess.com INT"]
[Date "2025.08.26"]
[Round "9"]
[White "Donoso Aguirre, Maximiliano"]
[Black "Lemos, Dawton Almino"]
[Result "1-0"]
[WhiteTitle "CM"]
[BlackTitle "FM"]
[WhiteElo "1978"]
[BlackElo "2172"]
[WhiteFideId "3458920"]
[BlackFideId "2146797"]
[EventDate "2025.08.26"]

1. e4 e6 2. d4 d5 3. Nc3 Nf6 4. e5 Nfd7 5. f4 c5 6. Nf3 Nc6 7. Be3 Be7 8. Qd2
O-O 9. dxc5 Bxc5 10. O-O-O a6 11. Bxc5 Nxc5 12. g4 b5 13. Nd4 Nxd4 14. Qxd4 Qb6
15. h4 b4 16. Ne2 a5 17. h5 a4 18. g5 b3 19. cxb3 axb3 20. a3 Ra4 21. Qg1 Ba6
22. Nc3 Bxf1 23. Nxa4 Nxa4 24. Qxb6 Rc8+ 25. Kb1 Nxb6 26. Rhxf1 Rc2 27. Rf3 1-0

[Event "Titled Tue 26th Aug Early"]
[Site "chess.com INT"]
[Date "2025.08.26"]
[Round "9"]
[White "Ugarte Soto, Cesar"]
[Black "Kurpiewski, Slawomir"]
[Result "1-0"]
[WhiteTitle "CM"]
[BlackTitle "CM"]
[WhiteElo "2088"]
[BlackElo "1973"]
[WhiteFideId "3601331"]
[BlackFideId "1114530"]
[EventDate "2025.08.26"]

1. d4 f5 2. Bg5 g6 3. h4 h6 4. Bf4 Bg7 5. Nf3 d6 6. e3 Nf6 7. Bc4 e6 8. Nbd2 c6
9. a4 a5 10. c3 Qe7 11. Be2 Nd5 12. Bh2 e5 13. dxe5 dxe5 14. Nc4 e4 15. Nfe5 Qe6
16. h5 g5 17. Ng6 Rg8 18. Nd6+ Kd7 19. c4 Bxb2 20. cxd5 cxd5 21. Rb1 Bc3+ 22.
Kf1 Nc6 23. Qb3 Bb4 24. Nb5 b6 25. Nc7 Qf7 26. Nxa8 Bc5 27. Nxb6+ Bxb6 28. Qxb6
Rxg6 29. hxg6 Qxg6 30. Qc7+ Ke8 31. Qxc8+ Nd8 32. Bc7 1-0

[Event "Titled Tue 26th Aug Early"]
[Site "chess.com INT"]
[Date "2025.08.26"]
[Round "9"]
[White "Punin, Andrii"]
[Black "Swayham, P Das"]
[Result "1-0"]
[WhiteTitle "FM"]
[BlackTitle "CM"]
[WhiteElo "2289"]
[BlackElo "2047"]
[WhiteFideId "14112639"]
[BlackFideId "25611402"]
[EventDate "2025.08.26"]

1. e4 c5 2. Be2 Nc6 3. f4 g6 4. Nf3 Bg7 5. c3 d5 6. d3 Nf6 7. e5 Ng4 8. d4 cxd4
9. Nxd4 Nh6 10. Nxc6 bxc6 11. Be3 Nf5 12. Bc5 e6 13. O-O Bf8 14. Bxf8 Kxf8 15.
Qd2 Qb6+ 16. Kh1 c5 17. Na3 Kg7 18. Bg4 Ne7 19. b4 h5 20. Bh3 Bd7 21. bxc5 Qxc5
22. Nc2 Rhc8 23. Rf3 Rab8 24. Nd4 Qa3 25. f5 exf5 26. Qg5 Qxa2 27. Qf6+ Kg8 28.
Rg1 Nc6 29. e6 Be8 30. Nxf5 gxf5 31. Rg3+ Kf8 32. e7+ 1-0

[Event "Titled Tue 26th Aug Early"]
[Site "chess.com INT"]
[Date "2025.08.26"]
[Round "9"]
[White "Sava, Robert-Gabriel"]
[Black "Bulgak, Damir"]
[Result "0-1"]
[WhiteTitle "CM"]
[BlackTitle "CM"]
[WhiteElo "2121"]
[BlackElo "2254"]
[WhiteFideId "1265725"]
[BlackFideId "13528882"]
[EventDate "2025.08.26"]

1. d4 Nf6 2. c4 e6 3. g4 Nxg4 4. e4 Nf6 5. e5 Ne4 6. Nc3 Nxc3 7. bxc3 d5 8. Nf3
c5 9. cxd5 Qxd5 10. c4 Qe4+ 11. Qe2 Qxe2+ 12. Bxe2 cxd4 13. Nxd4 Bd7 14. Nb5
Bxb5 15. cxb5 Bb4+ 16. Bd2 Bxd2+ 17. Kxd2 Nd7 18. f4 O-O-O 19. Ke3 Nb6 20. Rac1+
Kb8 21. Bf3 Nd5+ 22. Bxd5 Rxd5 23. Rhg1 g6 24. a4 Rhd8 25. Rc4 Rd3+ 26. Ke4 Rh3
27. Rgc1 Rxh2 28. Rc7 Rh1 29. Rxh1 Kxc7 30. Rxh7 Rd7 31. a5 f5+ 32. exf6 Rxh7
33. Ke5 Kd7 0-1

[Event "Titled Tue 26th Aug Early"]
[Site "chess.com INT"]
[Date "2025.08.26"]
[Round "9"]
[White "Grischuk, Alexander"]
[Black "Bachmann, Axel"]
[Result "0-1"]
[WhiteTitle "GM"]
[BlackTitle "GM"]
[WhiteElo "2667"]
[BlackElo "2578"]
[WhiteFideId "4126025"]
[BlackFideId "3700488"]
[EventDate "2025.08.26"]

1. e4 e6 2. Nf3 d5 3. e5 c5 4. b4 cxb4 5. a3 Nc6 6. axb4 Bxb4 7. c3 Be7 8. d4 f6
9. Bd3 Bd7 10. O-O Nh6 11. Bxh6 gxh6 12. exf6 Bxf6 13. Re1 O-O 14. Na3 Kh8 15.
Nc2 Qc7 16. Ne3 Rg8 17. Rc1 Raf8 18. g3 Be8 19. Ng2 Qf7 20. Qd2 Bg5 21. Nxg5
hxg5 22. Re3 a5 23. Rce1 Bd7 24. Kh1 Qxf2 25. R3e2 Qf1+ 0-1

[Event "Titled Tue 26th Aug Early"]
[Site "chess.com INT"]
[Date "2025.08.26"]
[Round "9"]
[White "Koridze, Lile"]
[Black "Gavilan Diaz, Mario"]
[Result "1-0"]
[WhiteTitle "WFM"]
[BlackTitle "FM"]
[WhiteElo "2110"]
[BlackElo "2195"]
[WhiteFideId "13612514"]
[BlackFideId "2260905"]
[EventDate "2025.08.26"]

1. d4 Nf6 2. c4 c5 3. d5 e6 4. Nc3 exd5 5. cxd5 d6 6. e4 g6 7. Nf3 Bg7 8. Bd3
O-O 9. O-O Bg4 10. h3 Bxf3 11. Qxf3 a6 12. a4 Nbd7 13. Bf4 Qe7 14. Rfe1 Ne5 15.
Bxe5 Qxe5 16. Qe3 Nh5 17. g3 g5 18. Qf3 Nf6 19. Rad1 Nd7 20. Bb1 b5 21. axb5
axb5 22. Nxb5 Rab8 23. Bd3 Qxb2 24. Nxd6 Ne5 25. Qf5 Rb3 26. Be2 Rd8 27. Nc4
Nxc4 28. Bxc4 Rc3 29. Qxg5 Qb8 30. Rb1 Qc7 31. Rec1 Rxc1+ 32. Rxc1 Qe5 33. Qxd8+
Bf8 34. Rb1 Kg7 35. Rb8 1-0

[Event "Titled Tue 26th Aug Early"]
[Site "chess.com INT"]
[Date "2025.08.26"]
[Round "9"]
[White "Galstyan, David"]
[Black "Willim, Michael"]
[Result "0-1"]
[WhiteTitle "FM"]
[BlackTitle "CM"]
[WhiteElo "2284"]
[BlackElo "2023"]
[WhiteFideId "54516196"]
[BlackFideId "4632435"]
[EventDate "2025.08.26"]

1. d4 d5 2. c4 e6 3. Nf3 Nf6 4. Nc3 Be7 5. Bf4 O-O 6. e3 c5 7. dxc5 Bxc5 8. cxd5
exd5 9. Be2 Nc6 10. Nb5 Qa5+ 11. Qd2 Bb4 12. Nc3 Ne4 13. Nxe4 dxe4 14. O-O-O
Bxd2+ 15. Nxd2 Qxa2 16. Bc4 Qa1+ 17. Kc2 Qa4+ 18. b3 Nb4+ 19. Kb2 Qa2+ 20. Kc3
a5 21. Rc1 Rd8 22. Nxe4 Bf5 23. Nd6 Be6 24. Bxe6 fxe6 25. Rhd1 Rac8+ 26. Nxc8
Rxd1 27. Rxd1 Qc2+ 28. Kd4 Qxd1+ 29. Ke5 Qd5# 0-1

[Event "Titled Tue 26th Aug Early"]
[Site "chess.com INT"]
[Date "2025.08.26"]
[Round "9"]
[White "Sarana, Alexey"]
[Black "Carlsen, Magnus"]
[Result "1/2-1/2"]
[WhiteTitle "GM"]
[BlackTitle "GM"]
[WhiteElo "2691"]
[BlackElo "2839"]
[WhiteFideId "24133795"]
[BlackFideId "1503014"]
[EventDate "2025.08.26"]

1. d4 a6 2. e4 e6 3. Bd3 d5 4. Nd2 c5 5. exd5 exd5 6. Qe2+ Be6 7. Ngf3 Nc6 8.
dxc5 Bxc5 9. Nb3 Bb6 10. Be3 Nf6 11. Bxb6 Qxb6 12. Qe3 Qxe3+ 13. fxe3 Ke7 14.
Nbd4 Rac8 15. Nxc6+ Rxc6 16. Nd4 Rc7 17. a4 a5 18. Ra3 Bd7 19. Kd2 g6 20. Rb1 b6
21. b4 Ra8 22. bxa5 bxa5 23. Rb6 Raa7 24. Nb5 Rcb7 25. Rxf6 Kxf6 26. Nxa7 Rxa7
27. Bb5 Bf5 28. Rc3 Ke5 29. Rc5 h6 30. c4 Be4 31. g3 Kd6 32. Rc6+ Ke5 33. Rc5
Kd6 34. Rc6+ Ke5 35. Rc5 1/2-1/2

[Event "Titled Tue 26th Aug Early"]
[Site "chess.com INT"]
[Date "2025.08.26"]
[Round "9"]
[White "Sakhayi, Mostafa"]
[Black "Romero Ruscalleda, Josep"]
[Result "0-1"]
[WhiteTitle "CM"]
[BlackTitle "FM"]
[WhiteElo "2166"]
[BlackElo "2110"]
[WhiteFideId "12512532"]
[BlackFideId "2231859"]
[EventDate "2025.08.26"]

1. d4 g6 2. e4 Bg7 3. Nf3 d6 4. Bc4 Nf6 5. Qe2 O-O 6. O-O Bg4 7. Nbd2 Nc6 8. c3
e5 9. h3 Bxf3 10. Nxf3 exd4 11. cxd4 d5 12. exd5 Nxd5 13. Rd1 Re8 14. Qd3 Nb6
15. Bb5 Qd6 16. Be3 Nb4 17. Qb3 c6 18. Bf1 N4d5 19. Bd2 Re7 20. Re1 Rae8 21.
Rxe7 Rxe7 22. Re1 h6 23. Rxe7 Qxe7 24. a3 Qf6 25. g3 Kh7 26. Ne5 Qe6 27. f4 f6
28. Nf3 Nxf4 29. Qxe6 Nxe6 30. Bd3 f5 31. Ne5 Nxd4 32. Bf4 Bxe5 0-1

[Event "Titled Tue 26th Aug Early"]
[Site "chess.com INT"]
[Date "2025.08.26"]
[Round "9"]
[White "Gabrielian, Artur"]
[Black "Ivanov, Alexander"]
[Result "1-0"]
[WhiteTitle "GM"]
[BlackTitle "GM"]
[WhiteElo "2407"]
[BlackElo "2376"]
[WhiteFideId "4131002"]
[BlackFideId "2000202"]
[EventDate "2025.08.26"]

1. Nf3 c5 2. g3 Nc6 3. Bg2 d5 4. d4 Nf6 5. O-O Bg4 6. dxc5 e5 7. c4 d4 8. b4 e4
9. b5 exf3 10. exf3 Be6 11. bxc6 bxc6 12. f4 Qc7 13. Qa4 Rc8 14. Re1 Be7 15. f5
Bxf5 16. Bf4 Qd7 17. Rxe7+ Kxe7 18. Bd6+ Ke8 19. Nd2 Be6 20. Nf3 Qb7 21. Ne5 Nd7
22. Nxc6 Qb2 23. Rd1 d3 24. Rxd3 f6 25. Nd4 1-0

[Event "Titled Tue 26th Aug Early"]
[Site "chess.com INT"]
[Date "2025.08.26"]
[Round "9"]
[White "Molina, Roberto Junio Brito"]
[Black "Liang, Awonder"]
[Result "0-1"]
[WhiteTitle "IM"]
[BlackTitle "GM"]
[WhiteElo "2378"]
[BlackElo "2696"]
[WhiteFideId "2109450"]
[BlackFideId "2056437"]
[EventDate "2025.08.26"]

1. d4 b6 2. e4 Bb7 3. Bd3 e6 4. Nf3 d6 5. c4 Nd7 6. Nc3 g6 7. h4 h6 8. Be3 Bg7
9. Qc2 Ngf6 10. O-O-O Ng4 11. Bf4 a6 12. Rhe1 e5 13. dxe5 Ndxe5 14. Bg3 O-O 15.
Kb1 b5 16. cxb5 Nxd3 17. Qxd3 axb5 18. Nd5 Bxd5 19. exd5 Ra4 20. Re4 Qf6 21. Rd2
Rfa8 22. Rxa4 bxa4 23. Qe4 Rb8 24. Qxg4 Rxb2+ 25. Kc1 Qc3+ 26. Kd1 a3 27. Qe4
Rb4 28. Qd3 Qa1+ 29. Ke2 f5 30. Qxa3 Re4+ 31. Kd3 Qf1+ 32. Kc2 Rc4+ 33. Kb3 Rc3+ 0-1

[Event "Titled Tue 26th Aug Early"]
[Site "chess.com INT"]
[Date "2025.08.26"]
[Round "9"]
[White "Smietanska, Wiktoria"]
[Black "Zeliantsova, Kseniya"]
[Result "0-1"]
[WhiteTitle "CM"]
[BlackTitle "WFM"]
[WhiteElo "2237"]
[BlackElo "2062"]
[WhiteFideId "21869359"]
[BlackFideId "13512617"]
[EventDate "2025.08.26"]

1. c4 e5 2. Nc3 Nf6 3. Nf3 d6 4. d4 Nbd7 5. g3 g6 6. Bg2 Bg7 7. O-O O-O 8. e3 c6
9. b3 Re8 10. Ba3 Qc7 11. dxe5 dxe5 12. Bd6 Qb6 13. Na4 Qa6 14. Nc5 Nxc5 15.
Bxc5 Bg4 16. h3 Rad8 17. Qe2 Bf5 18. Rad1 Ne4 19. Bb4 c5 20. Bd2 Qxa2 21. g4
Nxd2 22. Rxd2 Rxd2 23. Qxd2 Qxd2 24. Nxd2 Bc8 25. Ne4 b6 26. Ra1 Re7 27. Nd6 Be6
28. Nb7 a5 29. Rd1 Rd7 30. Bd5 Bxd5 31. cxd5 Rxb7 32. e4 Bf8 33. f4 f6 34. fxe5
fxe5 35. Rf1 Rf7 36. Rd1 Bd6 37. Kg2 b5 38. Ra1 Ra7 39. Kf3 a4 40. Ra3 c4 41.
Ra1 cxb3 0-1

[Event "Titled Tue 26th Aug Early"]
[Site "chess.com INT"]
[Date "2025.08.26"]
[Round "9"]
[White "Materia, Marco"]
[Black "Korchynskyi, Mykola"]
[Result "1-0"]
[WhiteTitle "IM"]
[BlackTitle "FM"]
[WhiteElo "2500"]
[BlackElo "2359"]
[WhiteFideId "45150451"]
[BlackFideId "34138005"]
[EventDate "2025.08.26"]

1. Nf3 d5 2. b3 Nf6 3. Bb2 e6 4. g3 Be7 5. Bg2 O-O 6. O-O b6 7. d3 Bb7 8. Nbd2
c5 9. e4 dxe4 10. Ne5 Qc7 11. dxe4 Nc6 12. Nxc6 Bxc6 13. Qe2 Rad8 14. Rad1 Nd7
15. f4 b5 16. h4 Bf6 17. e5 Bxg2 18. Kxg2 Be7 19. Qxb5 Nb6 20. Qe2 Qc6+ 21. Kh3
Rd7 22. Qf3 Qc7 23. c4 Rfd8 24. Ne4 Rxd1 25. Rxd1 Rxd1 26. Qxd1 Qb7 27. Qd3 a5
28. Bc1 a4 29. Be3 axb3 30. axb3 h5 31. Kh2 Nd7 32. Kg1 Qa7 33. Kf2 Bf8 34. Qd1
g6 35. Qxd7 Qa2+ 36. Bd2 Qxb3 37. Ng5 1-0

[Event "Titled Tue 26th Aug Early"]
[Site "chess.com INT"]
[Date "2025.08.26"]
[Round "9"]
[White "Nassr, Ahmed"]
[Black "Osetrov, Dmitrij"]
[Result "0-1"]
[WhiteTitle "IM"]
[BlackTitle "CM"]
[WhiteElo "2153"]
[BlackElo "2202"]
[WhiteFideId "7904860"]
[BlackFideId "44139713"]
[EventDate "2025.08.26"]

1. d4 d5 2. Bf4 Nf6 3. e3 c5 4. c3 g6 5. Nd2 Bg7 6. Ngf3 O-O 7. h3 b6 8. Be2 Nc6
9. O-O Bb7 10. a4 Nd7 11. Re1 e5 12. dxe5 Ndxe5 13. Nxe5 Nxe5 14. Nf3 Nc4 15.
Qc2 Qe7 16. b3 Nd6 17. Rad1 Ne4 18. c4 Nc3 19. Rd2 Nxe2+ 20. Rexe2 Rfd8 21. Bg5
f6 22. Bf4 dxc4 23. Qxc4+ Qf7 24. Rxd8+ Rxd8 25. Rd2 Rxd2 26. Nxd2 Qxc4 27. Nxc4
Bd5 28. Bb8 a6 29. Ba7 b5 30. axb5 axb5 31. Nb6 Bxb3 32. Nd7 c4 33. Bd4 f5 0-1

[Event "Titled Tue 26th Aug Early"]
[Site "chess.com INT"]
[Date "2025.08.26"]
[Round "9"]
[White "Pechnikov, Artiom"]
[Black "Cai, Chaoruo"]
[Result "0-1"]
[WhiteTitle "CM"]
[BlackTitle "CM"]
[WhiteElo "2014"]
[BlackElo "2274"]
[WhiteFideId "24104124"]
[BlackFideId "8618402"]
[EventDate "2025.08.26"]

1. e4 e5 2. Nf3 Nc6 3. Bc4 Nf6 4. d3 Bc5 5. O-O O-O 6. Re1 a6 7. a4 h6 8. c3 Ba7
9. Nbd2 d6 10. b4 a5 11. b5 Ne7 12. Nf1 Ng6 13. d4 Bg4 14. Bb2 exd4 15. cxd4 d5
16. exd5 Nxd5 17. h3 Be6 18. Ne5 Nxe5 19. dxe5 Bxf2+ 20. Kxf2 Qh4+ 21. Kg1 Qxc4
22. Qd4 Qxd4+ 23. Bxd4 Rfd8 24. Red1 Nb4 25. Bc5 Bb3 26. Rxd8+ Rxd8 0-1

[Event "Titled Tue 26th Aug Early"]
[Site "chess.com INT"]
[Date "2025.08.26"]
[Round "9"]
[White "Aravindh, Chithambaram VR."]
[Black "Saydaliev, Saidakbar"]
[Result "1-0"]
[WhiteTitle "GM"]
[BlackTitle "IM"]
[WhiteElo "2723"]
[BlackElo "2455"]
[WhiteFideId "5072786"]
[BlackFideId "14203693"]
[EventDate "2025.08.26"]

1. c4 e6 2. e3 Nf6 3. Nf3 d5 4. b3 Bd6 5. Bb2 O-O 6. Nc3 a6 7. Qc2 Nc6 8. a3 Qe7
9. g4 dxc4 10. g5 Nd5 11. Bxc4 Nxc3 12. Bxc3 e5 13. Qe4 g6 14. Qh4 Be6 15. Rg1
b5 16. Bxe6 fxe6 17. Qe4 Qd7 18. h4 Rf5 19. Nh2 Be7 20. Ng4 Kf8 21. Nxe5 Nxe5
22. Qxa8+ Kf7 23. f4 Nd3+ 24. Ke2 Nc5 25. Qh8 Qd3+ 26. Ke1 Nxb3 27. Rd1 Bxa3 28.
h5 b4 29. hxg6+ hxg6 30. Rh1 Ke7 31. Rh7+ Rf7 32. Bf6+ 1-0

[Event "Titled Tue 26th Aug Early"]
[Site "chess.com INT"]
[Date "2025.08.26"]
[Round "9"]
[White "Foldes, Marton Gabor"]
[Black "Puzyrevsky, Semyon"]
[Result "0-1"]
[WhiteTitle "FM"]
[BlackTitle "FM"]
[WhiteElo "2293"]
[BlackElo "2269"]
[WhiteFideId "794708"]
[BlackFideId "24240931"]
[EventDate "2025.08.26"]

1. c3 d5 2. h3 e5 3. d4 e4 4. Bf4 c6 5. e3 Bd6 6. Bxd6 Qxd6 7. c4 f5 8. Nc3 Nf6
9. Rc1 O-O 10. cxd5 cxd5 11. Nb5 Qb4+ 12. Qd2 Qxd2+ 13. Kxd2 Na6 14. Nc7 Nxc7
15. Rxc7 Rf7 16. Rxf7 Kxf7 17. Bb5 a6 18. Ba4 Bd7 19. Bb3 Rc8 20. Ne2 Ke7 21.
Nf4 Kd6 22. Rc1 Rxc1 23. Kxc1 g5 24. Ne2 Bb5 25. Kd2 Bxe2 26. Kxe2 f4 27. f3 Nh5
28. Bc2 Ng3+ 29. Kf2 h6 30. b4 b6 31. a4 a5 32. b5 Nh1+ 33. Ke2 Ng3+ 34. Kf2 Nf5
35. exf4 e3+ 36. Kf1 Nxd4 37. fxg5 e2+ 38. Ke1 Nxc2+ 39. Kxe2 hxg5 40. Kd3 Ne1+
41. Ke3 Nxg2+ 0-1

[Event "Titled Tue 26th Aug Early"]
[Site "chess.com INT"]
[Date "2025.08.26"]
[Round "9"]
[White "Fronda, Jan Jodilyn"]
[Black "Harriott, Tyrell"]
[Result "1-0"]
[WhiteTitle "WIM"]
[WhiteElo "2115"]
[BlackElo "1933"]
[WhiteFideId "5204585"]
[BlackFideId "2086484"]
[EventDate "2025.08.26"]

1. e4 d5 2. exd5 Nf6 3. c4 e6 4. d4 Bb4+ 5. Nc3 exd5 6. Nf3 O-O 7. Bd3 Re8+ 8.
Be3 dxc4 9. Bxc4 Ne4 10. O-O Nxc3 11. bxc3 Bd6 12. Ng5 Be6 13. Bxe6 fxe6 14. Qh5
h6 15. Qf7+ Kh8 16. Nxe6 Qe7 17. Qxe7 Rxe7 18. Nf4 Bxf4 19. Bxf4 Nc6 20. Rfe1
Rae8 21. Kf1 Na5 22. Bxc7 Rxe1+ 23. Rxe1 Rxe1+ 24. Kxe1 Nc4 25. Ke2 Kg8 26. Kd3
Nb2+ 27. Ke4 Kf7 28. Kd5 Ke7 29. Bd6+ Kd7 30. Bf8 Nd1 31. Bxg7 Nxc3+ 32. Kc4
Nxa2 33. Bxh6 a6 34. Kb3 b5 35. Kxa2 Kd6 36. Bd2 Kd5 37. h4 Kxd4 38. h5 Ke5 39.
h6 Kf6 40. g4 Kg6 41. g5 Kh7 42. f4 Kg6 43. f5+ Kh7 44. g6+ Kg8 45. h7+ Kf8 46.
h8=Q+ Ke7 47. Qe5+ Kd7 48. Bb4 Kc6 49. Qd6+ Kb7 50. Ba5 b4 51. Qc7+ Ka8 52. Bb6
b3+ 53. Kb1 1-0

[Event "Titled Tue 26th Aug Early"]
[Site "chess.com INT"]
[Date "2025.08.26"]
[Round "9"]
[White "Krysa, Leandro"]
[Black "Klukin, Kirill"]
[Result "0-1"]
[WhiteTitle "GM"]
[BlackTitle "IM"]
[WhiteElo "2468"]
[BlackElo "2401"]
[WhiteFideId "116807"]
[BlackFideId "24199273"]
[EventDate "2025.08.26"]

1. e4 c5 2. h3 g6 3. c3 Bg7 4. d4 cxd4 5. cxd4 d5 6. e5 a6 7. Nf3 Nc6 8. Be2 f6
9. Nc3 fxe5 10. dxe5 d4 11. Ne4 Bf5 12. Ng3 Be6 13. O-O Nh6 14. Bd3 O-O 15. Re1
Nf5 16. Ne4 Bd5 17. Nc5 Rc8 18. Bf4 Nb4 19. Nb3 Bxf3 20. gxf3 Nh4 21. Re4 g5 22.
Bg3 Nxf3+ 23. Kg2 Qd5 24. Kf1 Bxe5 25. Kg2 Bxg3 26. fxg3 Ne5 0-1

[Event "Titled Tue 26th Aug Early"]
[Site "chess.com INT"]
[Date "2025.08.26"]
[Round "9"]
[White "Vlassov, Nikolai"]
[Black "Rogov, Matfey"]
[Result "1-0"]
[WhiteTitle "IM"]
[BlackTitle "FM"]
[WhiteElo "2301"]
[BlackElo "2348"]
[WhiteFideId "4103360"]
[BlackFideId "44191308"]
[EventDate "2025.08.26"]

1. e4 e5 2. Bc4 f5 3. d4 Nf6 4. dxe5 Nxe4 5. Nf3 c6 6. O-O d5 7. exd6 Qxd6 8.
Qe2 Be6 9. Nc3 Bxc4 10. Qxc4 Nxc3 11. bxc3 Be7 12. Re1 Nd7 13. Bf4 Qg6 14. Rad1
Nb6 15. Qc5 Qf7 16. Ng5 Qf6 17. Rd6 Nd5 18. Rxf6 gxf6 19. Rxe7+ 1-0

[Event "Titled Tue 26th Aug Early"]
[Site "chess.com INT"]
[Date "2025.08.26"]
[Round "9"]
[White "Carroll, Peter"]
[Black "Kiseleva, Arina"]
[Result "1-0"]
[WhiteTitle "FM"]
[BlackTitle "WCM"]
[WhiteElo "2167"]
[BlackElo "2006"]
[WhiteFideId "2510243"]
[BlackFideId "4164989"]
[EventDate "2025.08.26"]

1. e4 c6 2. d4 d5 3. e5 Bf5 4. h4 h5 5. Bd3 Bxd3 6. Qxd3 Qa5+ 7. Nd2 e6 8. Nf3
Nh6 9. O-O Nf5 10. Nb3 Qa6 11. Qd1 Be7 12. Bg5 Bxg5 13. hxg5 Nd7 14. g3 g6 15.
Kg2 Kf8 16. Qd2 Kg7 17. Rh1 b6 18. Nh4 Nxh4+ 19. Rxh4 c5 20. c3 c4 21. Nc1 b5
22. Ne2 Qb6 23. Rah1 a5 24. Qf4 b4 25. g4 bxc3 26. gxh5 cxb2 27. hxg6 fxg6 28.
Qh2 Rxh4 29. Qxh4 b1=Q 30. Qh7+ Kf8 31. Qh8+ Ke7 32. Rh7# 1-0

[Event "Titled Tue 26th Aug Early"]
[Site "chess.com INT"]
[Date "2025.08.26"]
[Round "9"]
[White "Troltenier, Dirk"]
[Black "Ienasoaie, Rafael"]
[Result "1-0"]
[WhiteTitle "FM"]
[BlackTitle "CM"]
[WhiteElo "2162"]
[BlackElo "2168"]
[WhiteFideId "4606400"]
[BlackFideId "1266659"]
[EventDate "2025.08.26"]

1. e4 c5 2. Nf3 Nc6 3. Bb5 e6 4. c3 d5 5. exd5 Qxd5 6. O-O Ne7 7. d4 cxd4 8.
Nxd4 Bd7 9. Be2 Nxd4 10. cxd4 Nc6 11. Be3 Be7 12. Nc3 Qa5 13. d5 exd5 14. Nxd5
Be6 15. Nxe7 Nxe7 16. b4 Qxb4 17. Rb1 Qa3 18. Qc2 Rc8 19. Bb5+ Nc6 20. Bc5 Qxa2
21. Qc3 f6 22. Rbe1 Kf7 23. Rxe6 Qxe6 24. Bc4 Ne5 25. Bxe6+ Kxe6 26. Qb3+ Kf5
27. Qxb7 Rxc5 28. Qxa7 Rhc8 29. Qxg7 Rc1 30. Qxh7+ Ke6 31. Qh3+ Kf7 32. Qh7+ Ke6
33. Qh3+ Kf7 34. f4 Rxf1+ 35. Kxf1 Rc1+ 36. Ke2 Rc2+ 37. Kd1 1-0